| 000 | 00466nam a22001457a 4500 | ||
|---|---|---|---|
| 999 |
_c252449 _d252448 |
||
| 003 | OSt | ||
| 005 | 20230620115912.0 | ||
| 008 | 160219b xxu||||| |||| 00| 0 eng d | ||
| 040 | _cRONGO UNIVERSITY | ||
| 100 | _aVickie Gill | ||
| 245 |
_aEleven Commandments of Good Teaching: _bCreating classrooms where teachers can teach and students can learn _cvickie gill |
||
| 260 |
_a.New delhi india _bsage publication co _c2001 |
||
| 300 |
_axi, 91p _c24cm |
||
| 942 |
_2lcc _cBK |
||